| 000 | 00382nam a2200145Ia 4500 | ||
|---|---|---|---|
| 005 | 20240823064119.0 | ||
| 008 | 240823s9999||||xx |||||||||||||| ||und|| | ||
| 082 | _A374.22 Q2 | ||
| 100 | _aPriyadarshi Patnaik | ||
| 245 | 0 | _aGroup Discussion and Interview Skills | |
| 260 |
_c2012 _bFoundation _aNew Delhi |
||
| 500 | _aYES | ||
| 650 |
_aGroup Discussions _bGeneral |
||
| 942 | _cNB | ||
| 999 |
_c239934 _d239934 |
||